000 00475nam a22001937a 4500
003 MPLRDC
005 20220105061145.0
008 210129b ||||| |||| 00| 0 eng d
020 _a962-577-015-1
082 _a848.3 CL-2 v.1 c.2
100 _a蔡澜
245 _a蔡澜说笑
_c
250 _a三版
260 _a香港
_b壹出版有限公司
_c1994
300 _b
520 _a上架 2018-06-29。
650 _a现代别集
942 _cBK
_o848.3 CL-2 v.1 c.2
999 _c69662
_d69652